| 000 | 00725nam a2200253 a 4500 | ||
|---|---|---|---|
| 001 | 37259 | ||
| 003 | BD-RjUL | ||
| 005 | 20211209052607.0 | ||
| 008 | 850516r19711965enkb 000 0 eng d | ||
| 020 | _a0713500131 | ||
| 035 | _a(BD-RjUL)37361 | ||
| 035 | _a812911 | ||
| 040 |
_aXNTU _beng _cXNTU _dXNLS |
||
| 041 | _aeng | ||
| 082 | 0 | 4 |
_a338.10913 _bCOP 1971 |
| 100 | 1 |
_aCourtenay, P. P. _q(Percy Philip), _d1931- _9114131 |
|
| 245 | 1 | 0 |
_aPlantation agriculture / _cP.P. Courtenay. |
| 260 |
_aLondon : _bBell, _c1965 [reprint 1971]. |
||
| 300 |
_aviii,208p. : _bmaps ; _c23cm. |
||
| 490 | 0 | _aBell's advanced economic geographies | |
| 650 | 0 |
_aPlantations. _9114132 |
|
| 650 | 0 |
_aTropical crops. _9114133 |
|
| 942 |
_2ddc _cBK |
||
| 999 |
_c37259 _d37259 |
||